| 000 | 00598nam a2200229 a 4500 | ||
|---|---|---|---|
| 001 | nice12345678 | ||
| 003 | IN_TiNIC | ||
| 005 | 20260116015100.0 | ||
| 008 | 050816s2005 gena grp 000 0 eng | ||
| 020 |
_a _c0 |
||
| 082 | 0 | 0 |
_a234.13 _bJES |
| 100 | _aJesudasan, Usha | ||
| 245 |
_aHealing as Empowerment _b Discovering Gracein Community |
||
| 260 |
_aGeneva _bWorld Council of Churches _c2005 |
||
| 300 | _a92p. | ||
| 500 | _aincludes index and biblioraphy | ||
| 505 | 2 | _aReports of the Conference | |
| 650 | _aHealing-Religious | ||
| 902 | _bSRS | ||
| 942 | _cBK | ||
| 999 |
_c18239 _d18239 |
||